00593nam a22001577a 4500003000900000005001700009008004100026040002800067082001900095100003200114245012800146260006500274300001000339490004800349650003800397DO-SdBJH20180516134941.0180516b ||||| |||| 00| 0 spa d aDO-SdBJHbspacDO-SdBJH aRD865.1bS112e aSánchez Valverde, Antonio aExámen de los sermones del Padre Eliseo bcon instrucciones utilísimas a los predicadores /cAntonio Sánchez Valverde aSanto Domingo :bEdiciones de la Fundación Corripio,c1995 a206 P a Biblioteca de clásicos dominicanos ;v23 2Sermones dominicanosaColecciones